000 00798nam a2200253Ia 4500
003 OSt
005 20221005111110.0
006 a|||||r|||| 00| 0
007 ta
008 221004b |||||||| |||| 00| 0 hin d
024 _a108760
037 _cTextual
040 _aCRL
_cCRL
_bhin
041 _2hin
_ahin
082 _aO152,3N12x, P7
100 _aविष्णु प्रभाकर
245 0 _aअधूरी कहानी
246 _aAdhūrī kahānī
260 _aनई दिल्ली
_bवाणी प्रकाशन भारत
_c2007
300 _a136पृ0
_ccm.
650 _aहिन्दी साहित्य
942 _hO152,3N12x, P7
_cTEXL
_2cc
999 _c1020814
_d1020814